150 ca khúc dùng trong sinh hoạt tập thể

Gorde:
Xehetasun bibliografikoak
Egile nagusia: Trần Hoàng Trung (Biên soạn)
Formatua: Liburua
Hizkuntza:Vietnamese
Argitaratua: H. Lao động 2003
Gaiak:
Etiketak: Etiketa erantsi
Etiketarik gabe, Izan zaitez lehena erregistro honi etiketa jartzen!
Thư viện lưu trữ: Mạng thư viện Đại học Đà Nẵng
LEADER 01039nam a2200325 4500
001 000009500
003 5697
005 20111028091058.0
008 111028s2003 viesd
020 |c 50000đ 
041 0 |a vie 
082 |a 781.3  |b Cak 
100 0 |a Trần Hoàng Trung  |e Biên soạn 
245 0 |a 150 ca khúc dùng trong sinh hoạt tập thể  |c Trần Hoàng Trung(Biên soạn) 
260 |a H.  |b Lao động  |c 2003 
300 |a 319 tr.  |c 27 cm 
653 |a Bài hát 
653 |a Âm nhạc 
700 |a Trần Hoàng Trung  |e Biên soạn 
910 |a duyên 
OWN |a LSP 
AVA |a UDN50  |b LSP  |d 781.3 Cak  |e available  |t Error 5001 Not defined in file expand_doc_bib_avail.  |f 2  |g 0  |h N  |i 0  |k 1 
999 |a From the UDN01 
AVA |a UDN50  |b LSP  |d 781.3 Cak  |e available  |t Error 5001 Not defined in file expand_doc_bib_avail.  |f 2  |g 0  |h N  |i 0  |k 1 
TYP |a Monograph 
TYP |a Printed language 
980 |a Mạng thư viện Đại học Đà Nẵng